| 000 | 00397pab a2200145 454500 | ||
|---|---|---|---|
| 008 | 180718b1990 xxu||||| |||| 00| 0 eng d | ||
| 100 | _aLin, Justin Yifu | ||
| 245 | _aCollectivisation and China's agricultural crisis in 1959-1961 | ||
| 260 | _c1990 | ||
| 300 | _a1228-52 | ||
| 362 | _aDec. | ||
| 650 | _aAgriculture, Cooperative - China | ||
| 773 | _aJournal of Political Economy | ||
| 909 | _a3820 | ||
| 999 |
_c3820 _d3820 |
||